000 00361nam a2200157Ia 4500
008 230917s9999||||xx |||||||||||||| ||und||
020 _cRS0.5
040 _e12397
_aMAIN
041 _aEnglish
082 _a301.446 C882R
100 _aCrooke, W
245 0 _aRaces of Northern India
260 _aDelhi
_bCosmo
_c1973
300 _axii,260 p.
942 _cBK
999 _c190067
_d190067